000 00405nam a22001457a 4500
005 20200612145439.0
008 200612b xxu||||| |||| 00| 0 eng d
082 _a345.4 AIR
110 _aALL INDIA REPORTER,
_96051
245 _aALL INDIA REPORTER, [2005] [VOL-92] S. C. MONTHLY SECTION
260 _aMUMBAI
_bALL INDIA REPORTER,PVT. LTD.
300 _aXIVIII;p
650 _aLAW
_95701
942 _cJRL
999 _c7110
_d7108